Statistiken für Geographie - Analogien

Klicken Sie hier um das Quiz zu spielen!

Allgemein

  • Dieses Quiz wurde 1,355 mal gespielt
  • Das Durchschnittsergebnis liegt bei 12 aus 20

Antwortstatistiken

Das passt zu dem ... Wie … % Correct
Edinburgh passt zu SchottlandCardiff zu {Wales} passt
92%
Die Seine passt zu Parisdie {Themse} zu London passt
92%
Lesotho passt zu SüdafrikaSan Marino zu {Italien} passt
91%
Ankara passt zur Türkei{Brasília} zu Brasilien passt
88%
France passt zu Frankreich{España} zu Spanien passt
87%
Die Ukraine passt zur UdSSRKroatien zu {Jugoslawien} passt
84%
Sizilien passt zum MittelmeerJamaika zur {Karibik} passt
80%
Der Mt. Rainier passt zu den Kaskadender Mont Blanc zu den {Alpen} passt
78%
Hongkong passt zum
Vereinigten Königreich
Macau zu {Portugal} passt
56%
Der Elbrus passt zu Europader {Kilimanjaro} zu Afrika passt
52%
Der Denali passt zum Mount McKinleyder Uluru zum {Ayers} {Rock} passt
49%
Karthago passt zu TunisBabylon zu {Bagdad} passt
45%
Sigmund Freud passt zu WienLouis Armstrong zu {New} {Orleans} passt
43%
Kanton passt zu GuangzhouBombay zu {Mumbai} passt
42%
Seattle passt zu Washington{Detroit} zu Michigan passt
39%
Jakarta passt zu JavaHonolulu zu {Oahu} passt
36%
Hainan passt zu China{Tasmanien} zu Australien passt
35%
1980 passt zum Mount St. Helens1883 zum {Krakatau} passt
27%
Utah passt zu Colorado{Alberta} zu Saskatchewan passt
24%
Chicago passt zu MichiganCleveland zu {Erie} passt
17%

Verteilung der Resultate

Perzentil nach korrekt beantworteten Fragen

Anzahl Personen mit jedem Resultat

Ihre Resultats-Entwicklung

Sie haben dieses Quiz noch nicht gespielt